<?xml version="1.0" encoding="UTF-8"?>
<record
    xmlns:xsi="http://www.w3.org/2001/XMLSchema-instance"
    xsi:schemaLocation="http://www.loc.gov/MARC21/slim http://www.loc.gov/standards/marcxml/schema/MARC21slim.xsd"
    xmlns="http://www.loc.gov/MARC21/slim">

  <leader>03019nam a22002414a 4500</leader>
  <controlfield tag="003">OSt</controlfield>
  <controlfield tag="005">20160517162019.0</controlfield>
  <controlfield tag="008">160517b        xxu||||| |||| 00| 0 eng d</controlfield>
  <datafield tag="020" ind1=" " ind2=" ">
    <subfield code="a">0871202999</subfield>
  </datafield>
  <datafield tag="040" ind1=" " ind2=" ">
    <subfield code="c">N/A</subfield>
  </datafield>
  <datafield tag="050" ind1=" " ind2=" ">
    <subfield code="a">LB1060</subfield>
    <subfield code="b">.J46 1998</subfield>
  </datafield>
  <datafield tag="100" ind1="1" ind2=" ">
    <subfield code="a">Jensen, Eric,</subfield>
  </datafield>
  <datafield tag="245" ind1="1" ind2="0">
    <subfield code="a">Teaching with the Brain in Mind</subfield>
  </datafield>
  <datafield tag="250" ind1=" " ind2=" ">
    <subfield code="a">2nd ed., rev. and updated.</subfield>
  </datafield>
  <datafield tag="260" ind1=" " ind2=" ">
    <subfield code="a">Alexandria, Va. :</subfield>
    <subfield code="b">Association for Supervision and Curriculum Development,</subfield>
    <subfield code="c">c2005.</subfield>
  </datafield>
  <datafield tag="300" ind1=" " ind2=" ">
    <subfield code="a">xi, 186 p. :</subfield>
    <subfield code="b">ill.</subfield>
  </datafield>
  <datafield tag="505" ind1="0" ind2=" ">
    <subfield code="a">Meet your amazing brain -- Basic brain anatomy. How the brain changes over time. Cooperation and competition in the brain. How the brain learns -- Preparing the brain for school -- What to do to get a child's brain ready for school. Sensitive periods in brain development. Developing social and emotional skills. The importance of nutrition. The dynamic teenage brain -- Rules we learn by -- Increasing student engagement. Variations on repetition. The importance of prior knowledge and mental models. Taking advantage of the body's natural rhythms. The role of hormones. Trial-and-error learning. How positive and negative emotions affect the brain -- Movement and learning -- The mind-body link. How exercise affects cognition. The importance of play, recess, and physical education -- Emotional states -- Why emotions are now "mainstream." How emotions are processed in the brain. The power of emotional states. How to influence emotional states -- Physical environments for learning -- Why research on the physical environment has spawned new interest among neuroscientists. How seating, temperature, lighting, noise, and overall building design affect learning. Factors to consider for designing smarter schools -- Managing the social brain -- How social interaction affects the brain and cognition. The impact of stress, bonding, bias, and peer pressure. How to make school a more positive social experience -- Motivation and engagement -- Common causes of demotivation. The brain's reaction to rewards. The nature of intrinsic motivation. Tools for motivation. The supercamp model -- Critical thinking skills -- How gender, culture, disorders, and life experience shape a unique brain. How the brain tackles problem solving. How the brain's maturation process affects learning. How the brain adapts to changing circumstances -- Memory and recall -- Links between memory and survival. How the brain encodes and maintains memory. The different kinds of memory. Ways to enhance memory retrieval -- Brain-based teaching -- What to do before, during, and after teaching to take full advantage of what we know about the brain and learning -- Schools with the brain in mind -- Connecting brain research to curriculum, assessment, and staff development -- Supporting good instruction and good instructors. Change with the brain in mind.</subfield>
  </datafield>
  <datafield tag="650" ind1=" " ind2="0">
    <subfield code="a">Learning, Psychology of.</subfield>
  </datafield>
  <datafield tag="650" ind1=" " ind2="0">
    <subfield code="a">Teaching</subfield>
  </datafield>
  <datafield tag="650" ind1=" " ind2="0">
    <subfield code="a">Brain.</subfield>
  </datafield>
  <datafield tag="856" ind1="4" ind2="0">
    <subfield code="u">http://site.ebrary.com/lib/rucke/Doc?id=10089220</subfield>
  </datafield>
  <datafield tag="942" ind1=" " ind2=" ">
    <subfield code="c">BK</subfield>
    <subfield code="2">lcc</subfield>
  </datafield>
  <datafield tag="999" ind1=" " ind2=" ">
    <subfield code="c">70127</subfield>
    <subfield code="d">70127</subfield>
  </datafield>
  <datafield tag="952" ind1=" " ind2=" ">
    <subfield code="0">0</subfield>
    <subfield code="1">0</subfield>
    <subfield code="4">0</subfield>
    <subfield code="7">0</subfield>
    <subfield code="8">NFIC</subfield>
    <subfield code="a">40404</subfield>
    <subfield code="b">40404</subfield>
    <subfield code="c">GEN</subfield>
    <subfield code="d">2016-05-17</subfield>
    <subfield code="l">0</subfield>
    <subfield code="o">LB1060 .J46 1998</subfield>
    <subfield code="p">201612467</subfield>
    <subfield code="r">2016-05-17 00:00:00</subfield>
    <subfield code="w">2016-05-17</subfield>
  </datafield>
</record>
